000 00518nab a2200145Ia 4500
003 ES-SlBCS
005 20210601133741.0
008 140529s2010 xxu||||| |||| 00| 0 por d
041 _apor
100 1 _aFonseca, Sérgio César da
_9209226
245 0 2 _aA democracia como fim e a escola comomeio: convergência entre Anísio Teixeira e Paulo Freire
_c Sérgio César da Fonseca
600 1 4 _aTeixeira, Anísio
_9209019
773 0 _tEducaçao e Filosofia
_gvol. 24, nº. 48, 2010, págs. 247-272
_wRev1534
942 _cAR
999 _c601534
_d601534